000 01449nam0a22002891 4500
001 rc\2671238
005 20250623151523.0
035 _a(NLR Aleph) 006799784
090 _a6231504
_c6231504
100 _a20110915d1932 |||y0rusy50 ca
101 0 _arus
102 _aRU
105 _ay z |||||
200 1 _aДошкольное воспитание
_e[Инструктивные и директивные материалы]
_fСоставила Р. Л. Скоморовская
_gПод ред. Я. А. Перель
_gСо статьями нар. комиссара по просв. А. С. Бубнова и зам. нар. комиссара по просв. М. С. Эпштейна
210 _aМосква
_aЛенинград
_cНаркомпрос РСФСР - Учпедгиз
_d1932
_eМосква
_gтипо-лит. им. Воровского
215 _aОбл., 119, [3] с., 1 с. объявл.
_d23х15 см.
225 1 _aБиблиотека "Охрана детства и детское право"
_vВып. 16
700 1 _aСкоморовская
_bР.Л.
702 1 _4080
_aБубнов
_bА. С.
_cгос. деятель
_f1884-1938
_gАндрей Сергеевич
_9171460
_3RU\NLR\AUTH\770171510
702 1 _aПерель
_bЯ.А.
_4340
702 1 _aЭпштейн
_bМ.С.
_4080
801 0 _aRU
_bNLR
_gpsbo
801 1 _aRU
_bELAR
_2rusmarc
852 _aNLR
_j32-4/1212
942 _cBOOK
980 _aNB